000 00417nam a2200169Ia 4500
001 18405
003 IN-NITTTR
005 20251114233214.0
008 251113s9999||||xx |||||||||||||| ||eng||
040 _beng
040 _cIN-NITTTR
041 _aeng
082 _a150.1 W83 C
100 _aWolman, Benjamin B.
245 0 _aContempory theories and systems in psychology /
_cWolman, Benjamin B.
942 _2ddc
_cBK
999 _c21039
_d21039